000 00418nam a22000977a 4500
999 _c58298
_d58298
008 211101s1950 ge ||||| |||| 00| 0 geo d
080 _a3K11 რ-98
100 _aმარქსი, კ. ენგელსი, ფ.
_912776
245 _aრჩეული ნაწერები ორ ტომად :
_bტომი 1 /
_cკ. მარქსი, ფ. ენგელსი.
264 _aთბოლისი,
_c1950.